000 00759 a2200265 4500
020 _a0-07-100347-9
040 _aDLC
_bDLC
082 0 _a621.38173
100 _aSze, S. M.
245 0 0 _aVLSI technology
_cS.M. Sze
250 _a2. ed.
260 _aNew York :
_bMcGraw-Hill,
_c1988
300 _axii, 676 s. :
_bill.
440 0 _aMcGraw-Hill series in electrical engineering.
650 0 _aIntegrated circuits
_xVery large scale integration
650 0 _aIntegrerade kretsar
650 0 _aIntegrerade kretsar
650 0 _aVLSI
650 0 _aIntegrerade kretsar
650 0 _aIntegrated circuits
650 0 _aMycket storskalig integration
650 0 _aVery large scale integration
700 1 _aSze, S. M.
942 _cBK
_k621.38173 SZE
_2ddc
999 _c9770
_d9770